000 00833nam a2200253Ia 4500
003 OSt
005 20220925211049.0
006 a|||||r|||| 00| 0
007 ta
008 220923b |||||||| |||| 00| 0 eng d
020 _a8131601323
_c722.50
037 _b145, 04/10/2007, Bharatiya Sahitya Bhavana
_cGeneral Book
040 _aRTL
_cRTL
_beng
041 _2eng
_aeng
082 _aY9(W):6.2.N, P7
100 _aAtal Yogesh
245 0 _aExploring the social frontier
_b An encomium for Professor R S Gautam
260 _aJaipur
_bRawat Publications
_c2007
300 _axi, 492p
_ccm.
650 _aSociolology
_9230864
700 _a Sah D C Ed.
_9273779
942 _hY9(W):6.2.N, P7
_cGB
_2CC
999 _c556608
_d556608